Prénoms garçons 2003 - Statistiques

Statistiques générales
  • Ce quiz a été pris 918 fois
    182 depuis la dernière actualisation
  • Le résultat moyen est 52 sur 100
Statistiques - réponses
Hint Lettre Prénom % Correct
26 L Léo
92%
3 T Théo
89%
1 L Lucas
88%
16 P Paul
86%
89 A Alex
80%
4 H Hugo
80%
21 L Louis
80%
35 P Pierre
79%
27 J Julien
78%
8 N Nathan
78%
20 Q Quentin
77%
43 T Thomas
77%
25 M Mathieu
76%
11 T Tom
76%
6 A Alexandre
75%
10 A Antoine
75%
41 J Jules
75%
9 M Mathis
75%
12 R Romain
74%
17 V Valentin
74%
19 A Arthur
73%
5 M Maxime
73%
2 E Enzo
69%
13 N Nicolas
69%
34 V Victor
68%
36 K Kevin
67%
79 N Noa
66%
7 A Alexis
65%
38 G Gabriel
65%
50 E Ethan
64%
22 C Clément
62%
29 B Baptiste
61%
18 M Matheo
61%
84 J Jean
60%
15 A Axel
58%
42 M Maxence
58%
61 N Noah
58%
55 N Noé
58%
86 C Charles
56%
40 M Martin
55%
24 R Raphaël
55%
37 Y Yanis
55%
39 C Corentin
54%
80 W William
54%
32 S Simon
53%
30 A Anthony
52%
46 B Bastien
52%
48 K Kylian
52%
45 M Maël
52%
64 M Mathias
52%
77 Y Yann
52%
14 M Matteo
50%
28 A Adrien
49%
23 B Benjamin
49%
72 D David
49%
47 E Evan
49%
33 F Florian
49%
93 M Mohamed
49%
57 G Guillaume
48%
53 J Jeremy
45%
44 S Samuel
45%
58 T Thibault
45%
67 T Tristan
45%
51 A Adam
44%
31 D Dylan
42%
65 K Kilian
42%
66 M Matéo
42%
62 R Rémi
42%
74 V Vincent
42%
70 A Aurélien
41%
49 D Dorian
41%
75 M Matthieu
41%
54 S Sacha
40%
59 A Antonin
39%
63 J Jordan
38%
81 G Gabin
37%
76 R Rayan
37%
68 R Robin
37%
82 J Jonathan
36%
60 L Loïc
35%
56 E Esteban
34%
90 G Gaëtan
33%
69 M Mathys
33%
87 R Ryan
33%
71 T Titouan
32%
98 M Marius
30%
52 E Erwan
29%
100 M Mickaël
25%
92 T Thibaut
24%
88 B Bryan
23%
73 L Lilian
23%
97 J Joseph
22%
91 T Tony
21%
94 A Alan
20%
83 L Lenny
20%
78 L Lorenzo
20%
85 L Logan
17%
99 J Jason
12%
95 M Matthias
8%
96 A Andy
5%
Aucun quiz correspondant
Distribution des résultats
% des personnes avec chaque résultat
Percentile par nombre de réponses
Votre historique - résultats
Vous n’avez pas pris ce quiz depuis la dernière actualisation